000 00678nam a2200253Ia 4500
003 OSt
005 20221007072756.0
006 a|||||r|||| 00| 0
007 ta
008 221006b |||||||| |||| 00| 0 eng d
024 _a42,891
037 _cTextual
040 _aFLL
_cFLL
_beng
041 _2eng
_aeng
082 _aXM55:Z3, Q2
100 _aGower
_918724
245 0 _aPrinciples of modern company law
250 _a9th
260 _aLondon
_bSweet and Maxwel Part of Thomson Reuters Limited U.K.
_c2012
300 _acxiv,1343p
_ccm.
700 _a Davies
_9370930
942 _hXM55:Z3, Q2
_cTEXL
_2CC
999 _c1146939
_d1146939